01032nam a22001937a 4500003000900000005001700009007000300026008002900029020001800058040002600076100004600102245008100148260004800229300002300277490003200300500006900332505040700401830003000808DO-SdBNP20211014110720.0ta210622b 2015 dr 00| 0 eng d a9789945498561 aDO-SdBNPbspacBNPHU 1 aEmeterio Rondón, Nieves Lidia (Melania)10aAmanuense desde la cotidianidad /cNieves Lidia Emeterio Rondón (Melania). aSanto Domingo :bUniversitaria UASD,c2015. a440 p. ; c21 cm. 1 aEstudios y Sociedad ;v1505 aIncluye datos biográficos de la autora en la contracubierta. 0 aPresentación -- De la justicia dominicana -- Género y familia -- Sobre el magisterio nacional -- Pobreza y dignidad humana -- Expresiones culturales dominicanas -- Violencia y delincuencia -- Responsabilidades pendientes de asumir -- Literatura y realidad -- Educación en valores -- Sensibilidad al desnudo -- De cómo gravita la excesiva migración haitiana en República Dominicana -- Otros. 0aEstudios y Sociedadn1505